Ναυμαχικά
Αποθηκεύτηκε σε:
| Κύριος συγγραφέας: | |
|---|---|
| Άλλοι συγγραφείς: | , |
| Μορφή: | Βιβλίο |
| Γλώσσα: | Greek |
| Δημοσίευση: |
Αθήνα :
Κανάκης,
2005
|
| Σειρά: | Βυζαντινά στρατιωτικά εγχειρίδια
|
| Θέματα: | |
| Ετικέτες: |
Προσθήκη ετικέτας
Δεν υπάρχουν, Καταχωρήστε ετικέτα πρώτοι!
|
MARC
| LEADER | 00000nam a2200000 i 4500 | ||
|---|---|---|---|
| 001 | 1/55615 | ||
| 008 | 070921s2005 gre d | ||
| 020 | |a 978-960-7420-87-9 | ||
| 020 | |a 960-7420-87-X | ||
| 035 | |l 10090912 | ||
| 040 | |a GR-MY-UA |b gre |e aacr | ||
| 041 | 1 | |a gre | |
| 082 | 0 | |a 938.305 |2 (22) | |
| 100 | 0 | |a Λέων ο Σοφός |b ΣΤ', |c Αυτοκράτορας του Βυζαντίου, |d 866-912. | |
| 245 | 1 | 0 | |a Ναυμαχικά / |c Λέοντος ς' ... [και ά.] ; γενική εισαγωγή Ταξιάρχης Γ. Κόλιας ; εισαγωγή, μετάφραση, σχόλια Ιωάννης Χ. Δημητρούκας |
| 260 | |a Αθήνα : |b Κανάκης, |c 2005 | ||
| 300 | |a 306 σ.; |c 21 εκ. | ||
| 490 | 1 | |a Βυζαντινά Στρατιωτικά Εγχειρίδια | |
| 500 | |a Περιέχει αρχαίο κείμενο και νεοελληνική μετάφραση σε αντικριστές σελίδες | ||
| 504 | |a Βιβλιογραφία: σ. 290-298 | ||
| 504 | |a Ευρετήριο: σ. 299-304 | ||
| 650 | 0 | 0 | |a Naval art and science |z Byzantine Empire. |
| 651 | 0 | |a Byzantine Empire |x History, Naval. | |
| 700 | 1 | |a Δημητρούκας, Ιωάννης Χ. |4 aui |4 trl | |
| 700 | 1 | |4 aui |a Κόλιας, Ταξιάρχης Γ., |d 1951- | |
| 830 | 0 | |a Βυζαντινά στρατιωτικά εγχειρίδια | |
| 852 | |a INST |b LESVOS |e 20070921 |h 938.305 ΛΕΩ |p 005100040920 |q 005100040920 |t BK |y 0 | ||
| 901 | |a BIBL1-2007-3 | ||
| 909 | |a Λ |b 139100 | ||
| 922 | |a 1ΕΛΗ |b 200708 |c ΕΠΕΑΕΚ2/ΤΚΑ |d Σ. ΠΑΤΑΚΗΣ | ||
| 970 | |a ΚΑΡΑ |b ΓΙΑΣΕΜΗ |z 2007/09/21 | ||